Normal view
MARC view
Entry Meeting Name
001 - CONTROL NUMBER
- control field: 14554
003 - CONTROL NUMBER IDENTIFIER
- control field: OSt
005 - DATE AND TIME OF LATEST TRANSACTION
- control field: 20211105133820.0
008 - FIXED-LENGTH DATA ELEMENTS
- fixed length control field: 211105|| aca||aabn | a|a d
040 ## - CATALOGING SOURCE
- Original cataloging agency: OSt
- Transcribing agency: OSt
111 ## - HEADING--MEETING NAME
- Location of meeting: Conf Dt
670 ## - SOURCE DATA FOUND
- Source citation: Work cat.: (OSt): Conf Dt, New aspects of galaxy photometry, 1985